[Event "Junior Online 4NCL Division 5"]
[Site "online"]
[Date "2020.06.04"]
[Round "8.141"]
[White "Jardzioch, Ernest"]
[Black "Sharma, Ayush"]
[Result "0-1"]
[WhiteElo "1090"]
[BlackElo "1180"]
[PlyCount "64"]
[EventDate "2020.06.04"]
[WhiteTeam "St Albans Early Knights 4"]
[BlackTeam "Dulwich College Junior B"]

1. e4 e5 2. Nf3 Nc6 3. Bb5 d6 4. d3 Bd7 5. O-O Qe7 6. Nc3 O-O-O 7. Be3 Qf6 8.
Bxc6 Bxc6 9. Bxa7 Bd7 10. Nd5 Qg6 11. g3 Bh3 12. Re1 Nf6 13. Nh4 Qg5 14. Be3
Qh5 15. Nxf6 Qxd1 16. Raxd1 gxf6 17. d4 Bg4 18. f3 Bd7 19. dxe5 fxe5 20. f4 Rg8
21. fxe5 dxe5 22. Rf1 Be7 23. Kh1 f6 24. Nf5 Bb4 25. Ne7+ Bxe7 26. b3 Rg4 27.
Rd5 Rxe4 28. Ra5 Bc6 29. Ra8+ Kd7 30. Rd1+ Ke8 31. Raxd8+ Bxd8 32. Bh6 Re1# 0-1

[Event "Junior Online 4NCL Division 5"]
[Site "online"]
[Date "2020.06.04"]
[Round "8.142"]
[White "Henderson, George"]
[Black "Booy, Robbie"]
[Result "0-1"]
[WhiteElo "1000"]
[BlackElo "1075"]
[PlyCount "95"]
[EventDate "2020.06.04"]
[WhiteTeam "Dulwich College Junior B"]
[BlackTeam "St Albans Early Knights 4"]

1. e4 e5 2. Bc4 Nf6 3. d4 Bb4+ 4. c3 Bd6 5. Nf3 Nc6 6. Ng5 O-O 7. d5 h6 8. Nf3
Ne7 9. O-O Ng6 10. g3 Bc5 11. Nh4 Ng4 12. Nxg6 Ne3 13. Bxe3 Bxe3 14. Nxf8 Qxf8
15. fxe3 d6 16. Bb5 c6 17. dxc6 bxc6 18. Bxc6 Rb8 19. c4 Bh3 20. Rf2 h5 21. Nc3
Bg4 22. Ne2 Rxb2 23. Bd5 Kh8 24. Rxf7 Qe8 25. Rxa7 Bxe2 26. Qe1 Bg4 27. c5 dxc5
28. Bc4 Qf8 29. Be2 Rxe2 30. Qf1 Bf3 31. Rb1 Kh7 32. Rab7 Rxe3 33. Rb8 Qf7 34.
R8b7 Qxa2 35. R1b2 Qa3 36. R2b3 Rxb3 37. Rxb3 Qxb3 38. Qf2 c4 39. Qf1 Qe3+ 40.
Qf2 Qxf2+ 41. Kxf2 c3 42. Ke1 Bxe4 43. Kd1 c2+ 44. Kd2 Bf5 45. Kc1 Kg6 46. Kd2
Kg5 47. Kc1 Kg4 48. Kd2 0-1

[Event "Junior Online 4NCL Division 5"]
[Site "online"]
[Date "2020.06.04"]
[Round "8.143"]
[White "Saporenkova, Rita"]
[Black "Akohene-Voller, Isaac"]
[Result "1/2-1/2"]
[WhiteElo "1000"]
[BlackElo "1052"]
[PlyCount "66"]
[EventDate "2020.06.04"]
[WhiteTeam "St Albans Early Knights 4"]
[BlackTeam "Dulwich College Junior B"]

1. e4 e5 2. Bc4 Nc6 3. Qf3 Qf6 4. Qxf6 Nxf6 5. Nc3 Nd4 6. Bd3 Bb4 7. Nd5 Nxd5
8. exd5 O-O 9. h4 c5 10. dxc6 dxc6 11. g4 c5 12. c3 c4 13. cxb4 cxd3 14. Rb1
Bxg4 15. b3 Ne2 16. Nxe2 dxe2 17. Rb2 Rac8 18. Rb1 Bf5 19. Ra1 Bg4 20. Rg1 f5
21. Bb2 e4 22. b5 a5 23. a4 Rc7 24. Bc3 Rfc8 25. b6 Rc6 26. b4 axb4 27. Bb2 Rc2
28. Rb1 h6 29. Rxg4 fxg4 30. Kxe2 R2c6 31. a5 Rf6 32. Bxf6 gxf6 33. Rxb4 f5
1/2-1/2

[Event "Junior Online 4NCL Division 5"]
[Site "online"]
[Date "2020.06.04"]
[Round "8.144"]
[White "Chesney, Oliver"]
[Black "Owladi, Maya"]
[Result "0-1"]
[WhiteElo "1007"]
[BlackElo "842"]
[PlyCount "84"]
[EventDate "2020.06.04"]
[WhiteTeam "Dulwich College Junior B"]
[BlackTeam "St Albans Early Knights 4"]

1. Nf3 Nc6 2. e4 e5 3. Nc3 Nf6 4. Bc4 Bc5 5. Nxe5 Nxe5 6. d4 Nxc4 7. dxc5 O-O
8. O-O Ne5 9. h3 d6 10. cxd6 cxd6 11. Bg5 h6 12. Bxf6 Qxf6 13. Re1 Qg6 14. a4
Bxh3 15. Qf3 Nxf3+ 16. Kf1 Nxe1 17. Kxe1 Qxe4+ 18. Nxe4 Bxg2 19. Nxd6 Rad8 20.
Rd1 Rfe8+ 21. Kd2 Rxd6+ 22. Kc1 Bf3 23. Rxd6 Re1+ 24. Kd2 Rd1+ 25. Ke3 Rxd6 26.
Kxf3 Rd2 27. b4 Rxc2 28. b5 Ra2 29. a5 Rxa5 30. b6 axb6 31. Ke3 Rc5 32. Kd4 Rc1
33. Kd3 b5 34. Kd2 Rc8 35. Kd3 b4 36. f4 b3 37. Ke3 Rd8 38. Kf3 b2 39. Kg4 b1=Q
40. Kh5 Qg1 41. f5 Rd2 42. f6 Rh2# 0-1

[Event "Junior Online 4NCL Division 5"]
[Site "online"]
[Date "2020.06.04"]
[Round "8.145"]
[White "Sharma, Ayush"]
[Black "Jardzioch, Ernest"]
[Result "0-1"]
[WhiteElo "1180"]
[BlackElo "1090"]
[PlyCount "38"]
[EventDate "2020.06.04"]
[WhiteTeam "Dulwich College Junior B"]
[BlackTeam "St Albans Early Knights 4"]

1. e4 e5 2. Nf3 Nc6 3. Nc3 Nf6 4. Bb5 Bb4 5. d3 a6 6. Bxc6 dxc6 7. Nxe5 Qd4 8.
Nf3 Bxc3+ 9. bxc3 Qxc3+ 10. Bd2 Qc5 11. O-O O-O 12. Be3 Qd6 13. Nd2 Ng4 14. g3
Nxe3 15. Qf3 Nxf1 16. Nxf1 Bh3 17. Ne3 Qd4 18. Nf5 Qxa1+ 19. Qd1 Qxd1# 0-1

[Event "Junior Online 4NCL Division 5"]
[Site "online"]
[Date "2020.06.04"]
[Round "8.146"]
[White "Booy, Robbie"]
[Black "Henderson, George"]
[Result "1-0"]
[WhiteElo "1075"]
[BlackElo "1000"]
[PlyCount "25"]
[EventDate "2020.06.04"]
[WhiteTeam "St Albans Early Knights 4"]
[BlackTeam "Dulwich College Junior B"]

1. e4 e5 2. Qh5 Nf6 3. Qxe5+ Qe7 4. Qxc7 Qd6 5. Qxd6 Bxd6 6. Nc3 Be5 7. Nf3 Nc6
8. Bc4 Bxc3 9. dxc3 O-O 10. Bf4 Re8 11. O-O-O Nxe4 12. Rhe1 Nxf2 13. Rxe8# 1-0

[Event "Junior Online 4NCL Division 5"]
[Site "online"]
[Date "2020.06.04"]
[Round "8.147"]
[White "Akohene-Voller, Isaac"]
[Black "Saporenkova, Rita"]
[Result "1/2-1/2"]
[WhiteElo "1052"]
[BlackElo "1000"]
[PlyCount "37"]
[EventDate "2020.06.04"]
[WhiteTeam "Dulwich College Junior B"]
[BlackTeam "St Albans Early Knights 4"]

1. e4 e5 2. Nf3 Nc6 3. Bc4 Bc5 4. d3 d6 5. Ng5 d5 6. Bxd5 Nh6 7. Qf3 f6 8.
Bxc6+ bxc6 9. Nh3 O-O 10. O-O Bg4 11. Qg3 Bd6 12. Bxh6 Qd7 13. f3 Bxh3 14. gxh3
Bc5+ 15. Kh1 Rab8 16. Qg4 Qxg4 17. fxg4 Rxb2 18. c3 Rd8 19. Bc1 1/2-1/2

[Event "Junior Online 4NCL Division 5"]
[Site "online"]
[Date "2020.06.04"]
[Round "8.151"]
[White "Evans, Ruben"]
[Black "Jayakumar, Bharath"]
[Result "1-0"]
[WhiteElo "1727"]
[BlackElo "1255"]
[PlyCount "141"]
[EventDate "2020.06.04"]
[WhiteTeam "Blackburn's Rovers"]
[BlackTeam "Harrow Juniors D"]

1. d4 d5 2. c4 e6 3. Nc3 Nf6 4. Bg5 Be7 5. Nf3 O-O 6. e3 Nc6 7. cxd5 exd5 8.
Bb5 Bg4 9. h3 Bh5 10. O-O h6 11. Bh4 Ne4 12. Bxe7 Nxe7 13. Be2 Nf6 14. Rc1 c6
15. Qb3 Qb6 16. Nd2 Bxe2 17. Nxe2 Nf5 18. Nc3 Qxb3 19. Nxb3 Rac8 20. Rc2 Rfe8
21. Rfc1 Re6 22. Nc5 Re7 23. Ne2 Ne4 24. Nxe4 Rxe4 25. Nc3 Re6 26. Na4 b6 27.
b4 Nd6 28. Rxc6 Rxc6 29. Rxc6 Nf5 30. Rc7 Re7 31. Rc8+ Kh7 32. Rd8 Rc7 33. Rxd5
Ne7 34. Rd8 Rc1+ 35. Kh2 Rc2 36. Rd7 Nc8 37. Rxf7 Rxa2 38. Nc3 Ra3 39. Nb5 Ra4
40. Rc7 Rxb4 41. Nxa7 Nxa7 42. Rxa7 Rb2 43. Kg3 Kg6 44. Rc7 h5 45. Rc6+ Kh7 46.
d5 Rd2 47. d6 b5 48. Rc5 Rxd6 49. Rxh5+ Kg6 50. Rxb5 Rf6 51. h4 Rf5 52. Rxf5
Kxf5 53. Kf3 g6 54. g4+ Kf6 55. Kf4 Kg7 56. Kg5 Kf7 57. e4 Kg7 58. e5 Kf7 59.
f4 Kg7 60. e6 Kg8 61. Kxg6 Kf8 62. Kf6 Kg8 63. g5 Kf8 64. h5 Ke8 65. f5 Kf8 66.
g6 Kg8 67. h6 Kf8 68. g7+ Kg8 69. e7 Kh7 70. e8=Q Kxh6 71. Qh8# 1-0

[Event "Junior Online 4NCL Division 5"]
[Site "online"]
[Date "2020.06.04"]
[Round "8.152"]
[White "Rahman, Faraz"]
[Black "Cooper, Dylan E"]
[Result "1-0"]
[WhiteElo "1201"]
[BlackElo "1277"]
[PlyCount "63"]
[EventDate "2020.06.04"]
[WhiteTeam "Harrow Juniors D"]
[BlackTeam "Blackburn's Rovers"]

1. d4 Nf6 2. Nc3 e6 3. Bg5 Bb4 4. Bxf6 Qxf6 5. Qd3 Nc6 6. Nf3 b6 7. e3 Bb7 8.
a3 Bxc3+ 9. Qxc3 Qg6 10. g3 Nxd4 11. exd4 O-O-O 12. Bg2 Qe4+ 13. Kd2 g5 14. Qe3
g4 15. Qxe4 Bxe4 16. Nh4 Bxg2 17. Nxg2 f5 18. Rad1 Kb7 19. Kc3 d6 20. Nf4 e5
21. dxe5 dxe5 22. Rxd8 Rxd8 23. Ne6 Rg8 24. Rd1 h6 25. Rd7 Rc8 26. Kc4 Kc6 27.
Nxc7 Kxd7 28. Kd5 Rxc7 29. Kxe5 Rxc2 30. Kxf5 Rxf2+ 31. Kg6 Rxh2 32. Kf5 1-0

[Event "Junior Online 4NCL Division 5"]
[Site "online"]
[Date "2020.06.04"]
[Round "8.153"]
[White "Stanley, Isaac"]
[Black "Karjodkar, Praneeta"]
[Result "1-0"]
[WhiteElo "1165"]
[BlackElo "1232"]
[PlyCount "103"]
[EventDate "2020.06.04"]
[WhiteTeam "Blackburn's Rovers"]
[BlackTeam "Harrow Juniors D"]

1. d4 d5 2. c4 Nf6 3. Nc3 e6 4. Bg5 h6 5. Bf4 Nc6 6. Nb5 Bd6 7. Bxd6 cxd6 8. e3
dxc4 9. Bxc4 d5 10. Bb3 a6 11. Nc3 b5 12. Nf3 Bb7 13. O-O O-O 14. Ne5 Nxe5 15.
dxe5 Ne4 16. Nxe4 dxe4 17. Qxd8 Raxd8 18. Rfd1 Rxd1+ 19. Rxd1 Rc8 20. Rd7 a5
21. h3 Bc6 22. Ra7 a4 23. Bc2 Bd5 24. Bd1 Rc1 25. b3 Rxd1+ 26. Kh2 axb3 27.
axb3 Bxb3 28. Ra8+ Kh7 29. Rf8 f5 30. exf6 gxf6 31. Rxf6 b4 32. Rf7+ Kg6 33.
Rb7 Rd2 34. Rxb4 Bd5 35. Kg1 Rd1+ 36. Kh2 Rf1 37. Rb8 Rxf2 38. Rg8+ Kf6 39.
Rf8+ Kg5 40. Rxf2 h5 41. g3 h4 42. gxh4+ Kxh4 43. Rf4+ Kg5 44. Rg4+ Kh5 45. Kg3
e5 46. h4 Kh6 47. Rg5 Kh7 48. Rxe5 Bc6 49. Kf4 Kh6 50. Re6+ Kh5 51. Rxc6 Kxh4
52. Rh6# 1-0

[Event "Junior Online 4NCL Division 5"]
[Site "online"]
[Date "2020.06.04"]
[Round "8.154"]
[White "Valecha, Nikhil"]
[Black "Evans, Dylan"]
[Result "1/2-1/2"]
[WhiteElo "1277"]
[BlackElo "1067"]
[PlyCount "62"]
[EventDate "2020.06.04"]
[WhiteTeam "Harrow Juniors D"]
[BlackTeam "Blackburn's Rovers"]

1. c4 e5 2. Nc3 Nf6 3. g3 Nc6 4. Bg2 Bc5 5. e3 O-O 6. Nge2 d6 7. O-O Be6 8. d4
exd4 9. exd4 Bb4 10. d5 Bxc3 11. bxc3 Ne5 12. dxe6 fxe6 13. Bg5 h6 14. Bf4 Nxc4
15. Bxb7 Rb8 16. Bc6 Rb6 17. Bg2 e5 18. Be3 Ng4 19. Bd5+ Kh8 20. Bxc4 Rb8 21.
Bxa7 Ra8 22. Be3 h5 23. h3 Nxe3 24. fxe3 Qg5 25. Rxf8+ Rxf8 26. Rb1 Qxe3+ 27.
Kh1 Qf3+ 28. Kg1 Qf2+ 29. Kh1 Qf3+ 30. Kg1 Qf2+ 31. Kh1 Qf3+ 1/2-1/2

[Event "Junior Online 4NCL Division 5"]
[Site "online"]
[Date "2020.06.04"]
[Round "8.155"]
[White "Jayakumar, Bharath"]
[Black "Evans, Ruben"]
[Result "0-1"]
[WhiteElo "1255"]
[BlackElo "1727"]
[PlyCount "114"]
[EventDate "2020.06.04"]
[WhiteTeam "Harrow Juniors D"]
[BlackTeam "Blackburn's Rovers"]

1. e4 e6 2. d4 d5 3. e5 c5 4. c3 Nc6 5. Nf3 Bd7 6. Be2 Nge7 7. Bg5 h6 8. Bh4
Qb6 9. b3 Nf5 10. Bg3 cxd4 11. cxd4 Ncxd4 12. O-O Nxe2+ 13. Qxe2 Nxg3 14. hxg3
Bb5 15. Qe1 Bxf1 16. Qxf1 Bc5 17. Nc3 Qa6 18. Nb5 O-O 19. Nc7 Qxf1+ 20. Rxf1
Rac8 21. Nb5 a6 22. Nc3 Bxf2+ 23. Rxf2 Rxc3 24. Kh2 Rfc8 25. Nd4 Rd3 26. Nf3
Kf8 27. Nh4 Rcc3 28. Ng6+ Ke8 29. Nf4 Re3 30. Ne2 Rc2 31. a4 Rexe2 32. Rf3
Rxg2+ 33. Kh3 Rh2+ 34. Kg4 h5+ 35. Kg5 Rce2 36. Kf4 g5+ 37. Kxg5 Rxe5+ 38. Kh6
h4 39. gxh4 Rxh4+ 40. Kg7 Rg4+ 41. Kf6 Rf5+ 42. Rxf5 exf5 43. Kxf5 Rb4 44. Ke5
Rxb3 45. Kxd5 Ra3 46. Kc5 Rxa4 47. Kb6 f5 48. Kxb7 f4 49. Kc6 f3 50. Kd5 f2 51.
Ke5 f1=Q 52. Kd5 Qf5+ 53. Kd6 Rd4+ 54. Kc6 Qd5+ 55. Kb6 Rb4+ 56. Kxa6 Qb7+ 57.
Ka5 Qb6# 0-1

[Event "Junior Online 4NCL Division 5"]
[Site "online"]
[Date "2020.06.04"]
[Round "8.156"]
[White "Cooper, Dylan E"]
[Black "Rahman, Faraz"]
[Result "1-0"]
[WhiteElo "1277"]
[BlackElo "1202"]
[PlyCount "49"]
[EventDate "2020.06.04"]
[WhiteTeam "Blackburn's Rovers"]
[BlackTeam "Harrow Juniors D"]

1. d4 c6 2. e4 d5 3. exd5 cxd5 4. c3 Nf6 5. Bf4 Nc6 6. Nd2 e6 7. Bd3 Be7 8.
Ngf3 O-O 9. Bg3 Nh5 10. O-O Nxg3 11. fxg3 f5 12. Qe2 Rf6 13. Ne5 Nxe5 14. Qxe5
Rh6 15. Nf3 Bf6 16. Qe3 Qe8 17. Bxf5 Qe7 18. Rfe1 Kf7 19. Ne5+ Bxe5 20. Qxe5
Qe8 21. Bg4 Rg6 22. Bh5 Kg8 23. Bxg6 Qxg6 24. Qc7 Qc2 25. Rf1 1-0

[Event "Junior Online 4NCL Division 5"]
[Site "online"]
[Date "2020.06.04"]
[Round "8.157"]
[White "Karjodkar, Praneeta"]
[Black "Stanley, Isaac"]
[Result "0-1"]
[WhiteElo "1232"]
[BlackElo "1165"]
[PlyCount "108"]
[EventDate "2020.06.04"]
[WhiteTeam "Harrow Juniors D"]
[BlackTeam "Blackburn's Rovers"]

1. e4 e6 2. Nc3 d5 3. d4 Nf6 4. e5 Nfd7 5. Nf3 c5 6. Bg5 f6 7. Bf4 Nc6 8. Bd3
cxd4 9. Ne2 fxe5 10. Bg5 Be7 11. Bb5 Bxg5 12. Nxg5 Qxg5 13. g3 O-O 14. h4 Qf6
15. O-O a6 16. Bd3 e4 17. Bxe4 dxe4 18. Nf4 Qe5 19. Qg4 Nf6 20. Qh3 Qf5 21. Qg2
e5 22. Ne2 Qh3 23. Qxh3 Bxh3 24. Rfe1 d3 25. cxd3 exd3 26. Nc3 d2 27. Red1 Rad8
28. Rdb1 Bg4 29. Rf1 Rd7 30. f3 Bh3 31. Rfd1 Nb4 32. a3 Nc2 33. Rab1 Ne3 34.
Rf1 Bxf1 35. f4 exf4 36. gxf4 d1=Q 37. Nxd1 Rxd1 38. Rxd1 Nxd1 39. Kxf1 Re8 40.
Kg2 Kf7 41. h5 Ke6 42. Kg3 Kf5 43. Kf3 Re3+ 44. Kg2 Kxf4 45. a4 Kg4 46. Kf1 Ne4
47. b4 Nd2+ 48. Kg2 Re2+ 49. Kg1 Kf3 50. Kh1 Kg3 51. b5 axb5 52. axb5 b6 53. h6
gxh6 54. Kg1 Re1# 0-1

[Event "Junior Online 4NCL Division 5"]
[Site "online"]
[Date "2020.06.04"]
[Round "8.161"]
[White "Pitts, Daniel"]
[Black "Burke, Alexander"]
[Result "0-1"]
[WhiteElo "1240"]
[BlackElo "1300"]
[PlyCount "104"]
[EventDate "2020.06.04"]
[WhiteTeam "Robin Hoods 4"]
[BlackTeam "Manchester Juniors B"]

1. e4 e5 2. Nf3 d6 3. Nc3 Nc6 4. Bb5 Bg4 5. d3 Be7 6. Qe2 Nf6 7. Bg5 O-O 8.
Bxf6 Bxf6 9. Nd5 Nd4 10. Nxf6+ Qxf6 11. Qe3 Nxc2+ 12. Ke2 Nxe3 13. fxe3 Bxf3+
14. gxf3 c6 15. Ba4 b5 16. Bd1 Qg6 17. Kf2 f5 18. Bb3+ Kh8 19. Rhg1 Qh6 20. Bd1
fxe4 21. dxe4 d5 22. exd5 cxd5 23. e4 dxe4 24. Be2 exf3 25. Bxf3 Qd2+ 26. Kg3
Qe3 27. Rgf1 e4 28. Rae1 Qg5+ 29. Bg4 Rxf1 30. Rxf1 e3 31. Kf3 Rf8+ 32. Ke2
Rxf1 33. Kxf1 Qxg4 34. h3 Qxh3+ 35. Ke2 Qg2+ 36. Kxe3 Qxb2 37. Kd3 Qxa2 38. Kc3
Qa5+ 39. Kd4 Kg8 40. Kd5 Kf7 41. Kd6 Qd2+ 42. Kc7 Ke7 43. Kb7 b4 44. Ka8 a5 45.
Ka7 b3 46. Ka6 b2 47. Ka7 b1=Q 48. Ka6 Qbd3+ 49. Kb7 Qb2+ 50. Ka7 Qd7+ 51. Ka6
Qbb7+ 52. Kxa5 Qbb5# 0-1

[Event "Junior Online 4NCL Division 5"]
[Site "online"]
[Date "2020.06.04"]
[Round "8.162"]
[White "Eccleston, Rowan"]
[Black "Asensio, Tomas"]
[Result "1-0"]
[WhiteElo "1217"]
[BlackElo "1232"]
[PlyCount "25"]
[EventDate "2020.06.04"]
[WhiteTeam "Manchester Juniors B"]
[BlackTeam "Robin Hoods 4"]

1. f4 d6 2. Nf3 Nd7 3. e3 Ngf6 4. Bb5 e5 5. Bxd7+ Bxd7 6. b3 Be7 7. Bb2 Be6 8.
O-O h6 9. fxe5 dxe5 10. Nxe5 Ng4 11. Nxg4 Bxg4 12. Qxg4 O-O 13. Qxg7# 1-0

[Event "Junior Online 4NCL Division 5"]
[Site "online"]
[Date "2020.06.04"]
[Round "8.163"]
[White "Javed, Zain"]
[Black "Casserly, Darcy"]
[Result "1-0"]
[WhiteElo "1232"]
[BlackElo "1075"]
[PlyCount "77"]
[EventDate "2020.06.04"]
[WhiteTeam "Robin Hoods 4"]
[BlackTeam "Manchester Juniors B"]

1. e4 e5 2. Nf3 Nc6 3. Bc4 Bc5 4. Nc3 Nf6 5. d3 h6 6. Be3 d6 7. O-O O-O 8. Qd2
Nh5 9. Nh4 Qxh4 10. Qe2 Bxe3 11. fxe3 Qg5 12. Rf5 Bxf5 13. exf5 Qxf5 14. Rf1
Qg5 15. Ne4 Qg6 16. g3 Nf6 17. Nxf6+ gxf6 18. Qe1 Ne7 19. d4 Nf5 20. Bd3 Nh4
21. Bxg6 fxg6 22. gxh4 g5 23. hxg5 hxg5 24. d5 f5 25. Qe2 f4 26. exf4 gxf4 27.
Qg2+ Kh8 28. Qh3+ Kg7 29. Qg4+ Kf6 30. Qh5 Kg7 31. Rf2 e4 32. Rg2+ Kf6 33. Qg5+
Kf7 34. Qg6+ Ke7 35. Qg7+ Ke8 36. Qe5+ Kd8 37. Qg5+ Kc8 38. Qe7 Rf5 39. Qe8#
1-0

[Event "Junior Online 4NCL Division 5"]
[Site "online"]
[Date "2020.06.04"]
[Round "8.164"]
[White "Meredith, George"]
[Black "Griffiths, Dylan"]
[Result "0-1"]
[WhiteElo "1082"]
[BlackElo "1195"]
[PlyCount "106"]
[EventDate "2020.06.04"]
[WhiteTeam "Manchester Juniors B"]
[BlackTeam "Robin Hoods 4"]

1. e4 e5 2. Nf3 Nc6 3. Nc3 Bc5 4. Bb5 Nf6 5. O-O d6 6. Bxc6+ bxc6 7. d3 d5 8.
Nxe5 Bb7 9. Bg5 Qd6 10. Bxf6 Qxf6 11. Nf3 O-O 12. a3 Rfe8 13. Qe1 Rad8 14. b4
Bd4 15. Nxd4 Qxd4 16. a4 Qxb4 17. a5 Ba6 18. Ra4 Qd6 19. Qe3 c5 20. Qg5 d4 21.
Nd5 Re5 22. Nf6+ Qxf6 23. Qxf6 gxf6 24. Ra2 c4 25. Rb2 cxd3 26. cxd3 Bxd3 27.
Rd1 Bxe4 28. Re1 d3 29. a6 d2 30. Rd1 Red5 31. h3 c5 32. Rb5 Bc2 33. Rf1 d1=Q
34. Rxd1 Rxd1+ 35. Kh2 c4 36. Rb7 Ra8 37. Rc7 Rd4 38. Rc6 Bb3 39. Rxf6 c3 40.
Rf3 c2 41. Rc3 Rd1 42. f3 c1=Q 43. Rxc1 Rxc1 44. Kg3 Re8 45. f4 Rc3+ 46. Kh4
Re4 47. g3 f5 48. g4 fxg4 49. Kxg4 Be6+ 50. Kg5 Kf7 51. h4 Kg7 52. f5 h6+ 53.
Kh5 Bf7# 0-1

[Event "Junior Online 4NCL Division 5"]
[Site "online"]
[Date "2020.06.04"]
[Round "8.165"]
[White "Burke, Alexander"]
[Black "Pitts, Daniel"]
[Result "0-1"]
[WhiteElo "1300"]
[BlackElo "1240"]
[PlyCount "86"]
[EventDate "2020.06.04"]
[WhiteTeam "Manchester Juniors B"]
[BlackTeam "Robin Hoods 4"]

1. d4 d5 2. e3 Nc6 3. Nf3 Bg4 4. g3 e5 5. dxe5 Nxe5 6. Bg2 Nf6 7. Nbd2 Bd6 8.
c3 O-O 9. O-O Qd7 10. Qe1 Bh3 11. Nxe5 Bxe5 12. f4 Bd6 13. Bxh3 Qxh3 14. Nf3
Ng4 15. Qe2 Rfe8 16. b4 c5 17. a3 b6 18. Re1 a5 19. bxa5 bxa5 20. Qg2 Qxg2+ 21.
Kxg2 d4 22. exd4 c4 23. Rxe8+ Rxe8 24. Bb2 Re2+ 25. Kh3 Rxb2 26. Kxg4 Rb3 27.
Re1 h6 28. Re8+ Bf8 29. Rc8 Rxc3 30. Ne5 g6 31. Nxc4 h5+ 32. Kh4 Kg7 33. Rc6
Be7+ 34. Kh3 Bxa3 35. Nxa5 Bb4 36. Rxc3 Bxc3 37. Nc6 Kf6 38. g4 hxg4+ 39. Kxg4
Ke6 40. Nd8+ Kf6 41. Nc6 Kg7 42. d5 f5+ 43. Kg5 Bf6# 0-1

[Event "Junior Online 4NCL Division 5"]
[Site "online"]
[Date "2020.06.04"]
[Round "8.166"]
[White "Asensio, Tomas"]
[Black "Eccleston, Rowan"]
[Result "1-0"]
[WhiteElo "1232"]
[BlackElo "1217"]
[PlyCount "143"]
[EventDate "2020.06.04"]
[WhiteTeam "Robin Hoods 4"]
[BlackTeam "Manchester Juniors B"]

1. d4 e6 2. Nc3 d5 3. Bf4 c5 4. Nb5 Bd7 5. Nc7+ Ke7 6. Nxa8 Nc6 7. Nc7 Nxd4 8.
e3 Nc6 9. Bd3 Nb4 10. c3 Nxd3+ 11. Qxd3 Nf6 12. Nf3 c4 13. Qd4 b6 14. Na6 Ne4
15. Qe5 f6 16. Qc7 Qxc7 17. Nxc7 e5 18. Bg3 Bg4 19. Nxd5+ Ke6 20. Nc7+ Kd6 21.
Nb5+ Ke7 22. Nxa7 h5 23. h3 Bxf3 24. gxf3 Nxg3 25. fxg3 g5 26. O-O-O Bh6 27.
Nc6+ Ke6 28. Rd8 Rh7 29. Re8+ Kd6 30. Rd1+ Kxc6 31. Re6+ Kb7 32. Rxf6 g4 33.
hxg4 Bxe3+ 34. Kb1 hxg4 35. fxg4 Rg7 36. Re1 Bf2 37. Rxe5 Bxg3 38. Ref5 Rxg4
39. Rf7+ Ka6 40. Kc2 Rg6 41. b4 Rh6 42. a4 Rh2+ 43. Kb1 Rh1+ 44. Rf1 Rh5 45.
R1f5 Rh1+ 46. Rf1 Rh5 47. Kc2 Rh2+ 48. Kb1 Rh5 49. Ka2 Be5 50. Kb2 Rh2+ 51.
R1f2 Rh3 52. R2f3 Rh2+ 53. Rf2 Rh3 54. R7f3 Rh5 55. Kc2 Bg7 56. Kd2 Bh6+ 57.
Ke2 Re5+ 58. Kd1 Rd5+ 59. Kc2 Rh5 60. b5+ Ka5 61. Rf7 Kxa4 62. Ra7+ Kxb5 63.
Rf6 Rh2+ 64. Kb1 Bg7 65. Rxg7 Rh1+ 66. Ka2 Rh2+ 67. Ka3 Rc2 68. Rf5+ Ka6 69.
Kb4 b5 70. Rg6+ Kb7 71. Rf7+ Kb8 72. Rg8# 1-0

[Event "Junior Online 4NCL Division 5"]
[Site "online"]
[Date "2020.06.04"]
[Round "8.167"]
[White "Casserly, Darcy"]
[Black "Javed, Zain"]
[Result "0-1"]
[WhiteElo "1075"]
[BlackElo "1232"]
[PlyCount "106"]
[EventDate "2020.06.04"]
[WhiteTeam "Manchester Juniors B"]
[BlackTeam "Robin Hoods 4"]

1. e4 e5 2. Nf3 Nc6 3. Bc4 Nf6 4. Ng5 Nxe4 5. Nxe4 d5 6. Bxd5 Qxd5 7. Ng5 Nd4
8. Nc3 Qd7 9. Qh5 g6 10. Qg4 Qxg4 11. Nf3 Nxf3+ 12. Kf1 Nd4 13. d3 Nf5 14. g3
Bc5 15. Kg2 Qd4 16. Kh3 Qh4+ 17. Kg2 Qg4 18. Kf1 Qf3 19. Ke1 Qxf2+ 20. Kd1 Ne3+
21. Bxe3 Bxe3 22. Ne4 Qf5 23. Ke2 Bh6 24. Raf1 Qe6 25. Nc5 Qb6 26. Ne4 Qe3+ 27.
Kd1 Qc1+ 28. Ke2 Qe3+ 29. Kd1 Qxe4 30. dxe4 O-O 31. c4 Rd8+ 32. Kc2 a5 33. c5
Be6 34. b3 a4 35. b4 Bxa2 36. b5 Bb3+ 37. Kc3 Rd4 38. Kb2 Rd2+ 39. Kc3 Rc2+ 40.
Kb4 Rc4+ 41. Ka3 Bc2 42. Rf2 Rc3+ 43. Kb2 Rxc5 44. Rhf1 Bb3 45. Rxf7 Bxf7 46.
h4 Ra5 47. Ka3 Raxb5 48. Kxa4 Rb6 49. Rd1 Rc2 50. Ra1 Rcb2 51. Ka3 R2b5 52. Ka4
c6 53. Rb1 Ra6# 0-1

[Event "Junior Online 4NCL Division 5"]
[Site "online"]
[Date "2020.06.04"]
[Round "8.171"]
[White "He, Tom Junde"]
[Black "Holland, Nicolas"]
[Result "1-0"]
[WhiteElo "1397"]
[BlackElo "1225"]
[PlyCount "75"]
[EventDate "2020.06.04"]
[WhiteTeam "St Mary's Harborne"]
[BlackTeam "Watford 4"]

1. e4 e6 2. d4 d5 3. exd5 exd5 4. Nc3 Nf6 5. Bg5 Be6 6. Nf3 Bd6 7. Be2 Nc6 8.
O-O O-O 9. h3 Re8 10. Bxf6 Qxf6 11. Bb5 a6 12. Bxc6 bxc6 13. Re1 h6 14. Ne5
Bxe5 15. dxe5 Qg6 16. Re3 Rad8 17. Rd3 Qh5 18. Qxh5 d4 19. Ne2 Bc4 20. Rg3 c5
21. Qxh6 g6 22. Nf4 Re6 23. Nxe6 Bxe6 24. f4 d3 25. cxd3 Bf5 26. Qh4 Re8 27.
Qf6 Kf8 28. h4 Re6 29. Qh8+ Ke7 30. Rc1 Rc6 31. d4 Rb6 32. d5 Rxb2 33. Qf6+ Ke8
34. d6 Kd7 35. Qxf7+ Kc6 36. Qxc7+ Kb5 37. Rxc5+ Kb4 38. Qa5# 1-0

[Event "Junior Online 4NCL Division 5"]
[Site "online"]
[Date "2020.06.04"]
[Round "8.172"]
[White "Demyan, Leo"]
[Black "Howett, Ralphie"]
[Result "1-0"]
[WhiteElo "1157"]
[BlackElo "1217"]
[PlyCount "43"]
[EventDate "2020.06.04"]
[WhiteTeam "Watford 4"]
[BlackTeam "St Mary's Harborne"]

1. d4 d5 2. Bf4 Nc6 3. Nc3 Nf6 4. Nb5 e5 5. dxe5 Ne4 6. e6 Nd6 7. exf7+ Ke7 8.
Nxd6 cxd6 9. Bg5+ Kxf7 10. Bxd8 Nxd8 11. Qxd5+ Ke8 12. O-O-O Be6 13. Qb5+ Nc6
14. Qxb7 Rc8 15. e3 Na5 16. Qb5+ Nc6 17. Nf3 Bf5 18. Bd3 Be6 19. Bf5 Bxf5 20.
Qxf5 Ne7 21. Qe6 g6 22. Rxd6 1-0

[Event "Junior Online 4NCL Division 5"]
[Site "online"]
[Date "2020.06.04"]
[Round "8.173"]
[White "Madoc, Arthur"]
[Black "Khandelwal, Akshaj"]
[Result "0-1"]
[WhiteElo "1262"]
[BlackElo "1150"]
[PlyCount "84"]
[EventDate "2020.06.04"]
[WhiteTeam "St Mary's Harborne"]
[BlackTeam "Watford 4"]

1. e4 c6 2. Nc3 d5 3. exd5 cxd5 4. d4 Nf6 5. Nf3 Bf5 6. Bf4 e6 7. Bd3 Bxd3 8.
Qxd3 Bd6 9. Bxd6 Qxd6 10. Qb5+ Qc6 11. Qxc6+ Nxc6 12. Ne5 Nxe5 13. dxe5 Nd7 14.
f4 O-O 15. O-O-O Nb6 16. g3 a6 17. b3 h6 18. h4 Rac8 19. Ne2 Rc7 20. g4 Rfc8
21. Rd2 a5 22. a4 Nd7 23. g5 Nc5 24. gxh6 Nxb3+ 25. Kb2 Nxd2 26. Rg1 Rxc2+ 27.
Ka3 Nc4+ 28. Kb3 Rb2+ 29. Kc3 Rxe2 30. Rxg7+ Kh8 31. Rxf7 Nxe5+ 32. Kd4 Nxf7
33. Kd3 Rh2 34. Ke3 Rxh4 35. Kf3 Rxh6 36. Kg4 Kg7 37. Kf3 Kf6 38. Kg4 d4 39.
Kf3 Rh3+ 40. Ke4 Nd6+ 41. Kxd4 Nf7 42. Ke4 Rc4# 0-1

[Event "Junior Online 4NCL Division 5"]
[Site "online"]
[Date "2020.06.04"]
[Round "8.174"]
[White "Shah, Prem"]
[Black "Mykhnenko, Marijka"]
[Result "1-0"]
[WhiteElo "1022"]
[BlackElo "1015"]
[PlyCount "63"]
[EventDate "2020.06.04"]
[WhiteTeam "Watford 4"]
[BlackTeam "St Mary's Harborne"]

1. d4 d5 2. e4 c6 3. Nc3 Nf6 4. e5 Ng4 5. Bf4 e6 6. Nf3 Nh6 7. Bxh6 gxh6 8. Bd3
Bb4 9. O-O O-O 10. Qd2 Kg7 11. a3 Ba5 12. b4 Bc7 13. Qe3 f6 14. exf6+ Qxf6 15.
g3 Qxf3 16. Qd2 Rf6 17. Rfe1 Nd7 18. h3 e5 19. Re3 Qh5 20. dxe5 Nxe5 21. Be2
Qxh3 22. Qd4 Qe6 23. f4 Rg6 24. fxe5 Bb6 25. Qf4 Bxe3+ 26. Qxe3 b6 27. Rf1 c5
28. Qf3 Bd7 29. bxc5 bxc5 30. Nxd5 Bc6 31. Bc4 Be8 32. Qf8# 1-0